000 02222cam a22004934i 4500
003 PE-LiUPU
005 20250731173416.0
008 150706s r 000 0 d
020 _a9780851518381
035 _a(Sirsi) i9780851518381
040 _aPE-LiUPU
_bspa
_cPE-LiUPU
_erda
049 _aPRUA
082 0 4 _a252.058
_bLl8
_221
100 1 _aLloyd-Jones, Martyn,
_eautor.
245 1 0 _aCristianismo auténtico :
_bsermones sobre Hechos de los apóstoles, Hechos 1-3 /
_cMartyn Lloyd-Jones .
264 1 _aEdimburgo :
_bEl Estandarte de la Verdad,
_c1999.
300 _a386 páginas ;
_c22 cm.
336 _atext
_2rdacontent
337 _aunmediated
_2rdamedia
338 _avolume
_2rdacarrier
490 0 _aSermones sobre Hechos de los Apóstoles
505 0 _aEl cristianismo: la única esperanza -- El Dios que actúa -- El gran hecho de la profecía -- Convertirse en cristiano -- Mente, corazón y voluntad -- Separación -- Perseverar -- La doctrina de los Apóstoles -- La doctrina, lo primero -- La comunión -- El partimiento del pan -- Oración -- Alegría -- Sencillez de corazón -- Alabar a Dios -- "Levántate y anda" -- El Dios de Abraham, de Isaac y de Jacob -- ¿Qué piensas de Jesús? -- El regreso de Cristo -- Ignorancia -- La brisa celestial -- Pensar dos veces.
526 _aSEG42
526 _aSEG41
526 _aSEG40
526 _aSEG39
526 _aP94
526 _aP87
526 _aP86
526 _aP85
526 _aP77
526 _aP76
526 _aP35
541 _g001-0000567;
630 _aBiblia.
_pN.T.
_pHechos
_vSermones.
650 0 4 _aCristianismo.
700 1 _aGutiérrez Valdivieso, Gema,
_etr.
910 _agl
_bjv
_clch
_d20120527
942 _2ddc
_cBOOK
949 _a252.058 LL8 1
_wDEWEY
_c1
_i64697
_lCCODEBUL1
_mBUL
_p20.00
_r0
_sY
_tBOOK
_u2015-7-6
_xTEOLOGIA
_PP35
_o.STAFF. Colección General
994 _aC0
_bPEPRU
596 _a1
999 _a252.058 LL8 1
_wDEWEY
_c53402
_i64697
_d53402
_f2021-11-10
_g5
_lCCODEBUL1
_mBUL
_p20.00
_q1
_r0
_sY
_tBOOK
_u2015-7-6
_xTEOLOGIA
_PP35
_0COMPRA
_o.STAFF. Colección General
980 _81
_gALBERTO SANCHEZ Responsable de Automatización